00477nam a22001097a 4500008004100000100004700041245001900088260002000107300003500127520018500162773002000347250930b ||||| |||| 00| 0 eng d aChitradurga, Shagun and Karnataka, Tumkur  aPower paradox  aDown to Earth  a34(8), Sep 1-15, 2025: p.24-26 aIn drought prone districts of Karnataka, solar parks promise prosperity but deliver displacement, exposing the fault lines of India’s renewable energy transition. – Reproduced  aDown to Earth